|
|
|
|
| LEADER |
00000naa a2200000uu 4500 |
| 001 |
vtls010946977 |
| 003 |
SK-MaSNL |
| 005 |
20260302122139.0 |
| 008 |
210902|2000 xo |||||||||||||||||eng| |
| 015 |
|
|
|a SNBRA
|
| 035 |
|
|
|a (urnnbn)urn:nbn:sk:snk:ar-a0bgi3
|
| 035 |
|
|
|a (uuid)846f02c6-08fb-4a81-a6f8-ce9b754977e3
|
| 035 |
|
|
|a urn:nbn:sk:snk-aau8md
|
| 040 |
|
|
|a SNKBUCL
|b slo
|c SNKBUCL
|e AACR2
|
| 041 |
0 |
|
|a eng
|
| 044 |
|
|
|a xo
|c SK
|
| 100 |
1 |
|
|a Urban, Maximilian
|4 aut
|9 805315
|
| 245 |
1 |
0 |
|a POWER SYSTEMS CONTROL IN AN OPEN MARKET
|c Maximilian Urban, Tomislav Maricic
|
| 700 |
1 |
|
|a Maricic, Tomislav
|4 aut
|9 805316
|
| 773 |
0 |
|
|t Control of power systems
|d Bratislava : Slovak University of Technology Press, 2000
|g S. [167]-173
|z 8022713546
|
| 958 |
|
|
|a OND
|
| 958 |
|
|
|a article11
|
| 958 |
|
|
|a chapter
|
| 999 |
|
|
|c 1276721
|d 1278651
|